| 000 | 01183nam a22002777i 4500 | ||
|---|---|---|---|
| 999 |
_c22784 _d22784 |
||
| 003 | AR-CdUCM | ||
| 008 | 240306b20202020pe ||||| |||| 00| 0 spa d | ||
| 020 | _a978-612-00-5019-4 | ||
| 040 |
_aMUNICIPALIDAD PROVINCIAL DEL CUSCO _cBIBLIOTECA MUNICIPAL DEL CUSCO |
||
| 041 | _hspa | ||
| 082 |
_a345.733 / A91 _bA91 |
||
| 100 |
_aAvendaño Uchuya, Ostwald Néstor _949430 |
||
| 245 | _aLas Meta-reglas del Derecho Notarial / | ||
| 260 |
_aWanchaq-Cusco : _c2020 |
||
| 300 |
_a98 páginas. : _c21 cm. |
||
| 500 | _zBibliografía: páginas 93-98 | ||
| 505 | _aDescarte de principios constitucionales -- Presencia de los principios constitucionales -- Utilización de meta-reglas -- Razón de meta-reglas -- Las meta-reglas del derecho notarial -- Meta-regla de fe pública notarial -- Meta-regla de legalización, autenticación o principio de legalidad -- La presunción de legitimidad. | ||
| 650 |
_aDerecho notarial _949431 |
||
| 650 |
_aMeta-reglas _949432 |
||
| 650 |
_aPosición jurídica _949433 |
||
| 650 |
_aAplicación de meta-reglas _949434 |
||
| 650 |
_aEl legalismo _949435 |
||
| 650 |
_aLegitimidad _949436 |
||
| 942 |
_2ddc _cLIBROS |
||
| 945 |
_apbj _d06-03-2024 |
||